000 00554nam a2200229Ia 4500
003 OSt
005 20220928145245.0
006 a|||||r|||| 00| 0
007 ta
008 220927b |||||||| |||| 00| 0 eng d
024 _a79672
037 _cTextual
040 _aSDCL
_cSDCL
_beng
041 _2eng
_aeng
082 _aB262, M7
100 _aDitzian Z
_9512286
245 0 _aModuli of smoothness.
260 _c1987
700 _a Totik V
_9512287
942 _hB262, M7
_cTEXL
_2CC
999 _c832750
_d832750